000 00981cam a2200277 a 4500
001 ENG-90797
005 20080616095959.0
008 080828t xxu||||| |||| 00| 0 eng d
010 _aENG-90797
020 _a9788172734213
_c275.00
035 _aEN-74330
037 _bDBAD / PUB
040 _aDPL
_bEnglish
082 _a025.0028546
100 _aMehatab, Dakulge
245 _aInfotech@library services /
_cby Dakulge Mehatab
260 _aDelhi :
_bAuthorspress,
_c2008
300 _avi, 108 p.
_c24 cm (Hb)
500 _aIncludes bibliographical references and index.
650 _aLibraries
_xInformation technology
650 _aLibraries
_xAutomation
650 _aLibraries
_xData processing
_xManagement
650 _aDigital libraries
942 _2ddc
_cEN
_mMEH
_h025.0028546
999 _c15181
_d15181